Constitutional law and history of Government of India: (Record no. 13845)

MARC details
000 -LEADER
fixed length control field 01063nam a22002537a 4500
005 - DATE AND TIME OF LATEST TRANSACTION
control field 20080623120041.0
008 - FIXED-LENGTH DATA ELEMENTS--GENERAL INFORMATION
fixed length control field 080618t xxu||||| |||| 00| 0 eng d
010 ## - LIBRARY OF CONGRESS CONTROL NUMBER
LC control number ENG-90385
020 ## - INTERNATIONAL STANDARD BOOK NUMBER
International Standard Book Number 8175346765
Terms of availability 1295.00
035 ## - SYSTEM CONTROL NUMBER
System control number EN-73918
037 ## - SOURCE OF ACQUISITION
Source of stock number/acquisition DBAD / PUB
040 ## - CATALOGING SOURCE
Original cataloging agency DPL
Language of cataloging EN
082 ## - DEWEY DECIMAL CLASSIFICATION NUMBER
Classification number 342.5409
100 ## - MAIN ENTRY--PERSONAL NAME
Personal name Anand, C.L.
245 ## - TITLE STATEMENT
Title Constitutional law and history of Government of India:
Statement of responsibility, etc by C.L. Anand; revised by H.K. Saharay
Remainder of title Government of India Act, 1935 and the constitution of India /
250 ## - EDITION STATEMENT
Edition statement 8th ed.
260 ## - PUBLICATION, DISTRIBUTION, ETC. (IMPRINT)
Place of publication, distribution, etc Delhi
Name of publisher, distributor, etc Universal Law Publishing
Date of publication, distribution, etc 2008
270 ## - ADDRESS
Address C-FF-1A, Dilkhush Industrial Estate, (Opp. Hans Cinema, lAzadpur) G.T. Karnal Road,
City Delhi
Postal code 110033
Telephone number 27438103
300 ## - PHYSICAL DESCRIPTION
Extent xLiii, 1332p.
Dimensions 25 cm (Hb)
500 ## - GENERAL NOTE
General note Includes subject index
700 ## - ADDED ENTRY--PERSONAL NAME
Personal name Saharay, H.K.
942 ## - ADDED ENTRY ELEMENTS (KOHA)
Koha item type English Books
Classification part 342.5409
Source of classification or shelving scheme Dewey Decimal Classification
Call number suffix ANA
Holdings
Withdrawn status Lost status Damaged status Not for loan Collection code Home library Current library Date acquired Source of acquisition Cost, normal purchase price Total Checkouts Full call number Barcode Date last seen Copy number Cost, replacement price Price effective from Koha item type
      Not For Loan Non-fiction D.B.Act.Division D.B.Act.Division 23/06/2008 DBAD / PUB 1295.00   342.5409 ANA EN-73918 15/09/2008 1 1295.00 15/09/2008 English Books

© Delhi Public Library
Hit Counter
free hit counter